000
00300nam a2200109Ia 4500
008
231219s9999 xx 000 0 und d
041
_a
eng
100
_a
Nicholas V Luppa
245
_a
Management Bay Quit and Other Uncensored Tactics
260
_b
Pitman Books Ltd California
650
_a
Management
999
_c
975409
_d
975409